000 00675nam a2200241 i 4500
001 C2-0073992
003 PPAK
005 20180727080428.0
008 970429s1990 my a|||| ||||| | may d
020 _a9839959670
040 _aPPAK
_beng
_cPPAK
_erda
082 0 4 _a030.9595
_223
090 0 0 _a030.9595
_bGHU
_dR
100 0 _aGhulam Jie M. Khan,
_eauthor
245 1 0 _aRekod-rekod dunia di Malaysia (5)
264 1 _aKluang, Johor :
_bAnna' Publications ,
_c1990
300 _aix, 211 pages :
_billustrations ;
_c21 cm
336 _2rdacontent
_atext
337 _2rdamedia
_aunmediated
338 _2rdacarrier
_avolume
650 1 0 _aWorld records
942 _ddc
_cB
999 _c10355
_d10355